Statistics for Countries 4knowledge has been to by Flag Maps

Click here to take the quiz!

General Stats

  • This quiz has been taken 30 times
    (29 since last reset)
  • The average score is 6 of 6

Answer Stats

Answer% Correct
Egypt
100%
France
100%
Greece
100%
Saudi Arabia
100%
Bulgaria
96%
Romania
92%

Score Distribution

Percentile by Number Answered

Percent of People with Each Score

Your Score History

You have not taken this quiz since the last reset